Statistiques concernant Message caché - Typage Rapide #3

Cliquez ici pour prendre le quiz!

Statistiques générales

  • Ce quiz a été pris 343 fois
  • Le résultat moyen est 17 sur 36

Statistiques - réponses

Mot% Correct
L
100%
A
99%
L
93%
I
91%
B
85%
E
84%
R
83%
T
82%
É
81%
C
71%
O
67%
M
60%
M
57%
E
56%
N
55%
À
53%
C
53%
E
53%
L
53%
O
47%
Ù
46%
L'
31%
I
26%
G
18%
N
15%
C
14%
N
14%
O
14%
R
14%
A
13%
E
13%
F
12%
I
11%
I
11%
N
11%
T
11%

Distribution des résultats

Percentile par nombre de réponses

% des personnes avec chaque résultat

Votre développement - résultats

Vous n’avez pas pris ce quiz